000 00954nam a2200253 i 4500
001 74777
003 ES-MaACL
005 20250720010548.0
007 t|
008 040921s1982 sp ||||1| spa d
020 _a84-7231-649-1
080 _a272(460.351)(093.2)
245 0 0 _aColección de documentos para la historia de la Inquisición de Córdoba /
_c[recopilada por] Rafael Gracia Boix ; prólogo de José Manuel Cuenca Toribio.
260 _aCórdoba :
_bMonte de Piedad y Caja de Ahorros de Córdoba,
_c[1982]
300 _a317 p. :
_bil. col. ;
_c24 cm.
490 1 _aEstudios y documentos ;
_v3
650 7 _aInquisición-
_zCórdoba
_2
_9172836
700 1 _aGracia Boix, Rafael.
_959466
700 1 _aCuenca Toribio, José Manuel,
_d1939-
_942007
710 2 _aMonte de Piedad y Caja de Ahorros de Córdoba.
_95763
830 1 _aEstudios y documentos ;
_v3
_9182659
852 _aES-MaACL
_jL-2222
999 _c74777
_d74777